[Event "POL-chT 1st League 2020"]
[Site "Ustron"]
[Date "2020.09.11"]
[Round "7.6"]
[White "Marcinczyk, Monika"]
[Black "Dwilewicz, Katarzyna"]
[Result "1-0"]
[WhiteElo "1934"]
[BlackElo "2134"]
[Annotator "TA"]
[PlyCount "119"]
[EventDate "2020.09.05"]
[EventType "team-tourn"]
[EventCountry "POL"]
[SourceTitle "playchess.com"]
[Source "ChessBase"]
[SourceQuality "1"]
[WhiteTeam "SSz Gminy Pawlowice"]
[BlackTeam "Gostmat Gostynin"]

{[%evp 13,119,4,4,4,62,11,12,14,13,4,14,6,33,27,50,45,36,40,64,39,113,93,131,140,154,176,168,98,229,222,221,210,211,209,216,200,227,194,191,190,213,135,135,132,188,200,208,199,966,321,256,266,362,343,332,323,604,290,549,547,537,520,550,552,687,691,659,658,729,720,911,889,891,888,880,856,878,866,989,1023,995,982,1098,1097,1159,960,919,893,1320,1341,1060,1340,1344,1319,29972,29975,29974,29976,29976,29977,29977,29978,29979,29980,29980,29981,29981,29982]} 1. e4 e5 2. Nf3 Nc6 3. Bb5 a6 4. Ba4 Nf6 5. d3 b5 6. Bb3 Bc5 {now supersedes 6...Be7.} 7. O-O d6 8. c3 {C78: Ruy Lopez: Archangelsk and Möller Defences.} Bb6 (8... O-O $11) 9. Re1 (9. a4 $14) 9... O-O $11 10. Nbd2 {The position is equal.} Ne7 11. Nf1 Ng6 12. Ng3 c6 {[#]} 13. d4 $146 ({Predecessor:} 13. h3 h6 14. d4 c5 15. Be3 c4 16. Bc2 Re8 17. Qd2 Nf8 18. Rad1 Qc7 19. dxe5 Bxe3 20. Rxe3 dxe5 {½-½ (32) Fernandez Garcia,J (2443)-Korneev,O (2615) Elgoibar 1999}) 13... Bg4 14. Be3 exd4 15. cxd4 Nh4 16. Bg5 $1 {[%cal Rg5h4]} Nxf3+ (16... Ng6 $1 $14) 17. gxf3 $16 Bh3 18. Nh5 $1 Kh8 19. Kh1 Rg8 20. Bxf7 (20. Rc1 $18) 20... Qf8 {This move loses the game for Black.} (20... Rf8 $16 {was necessary.}) 21. Nxf6 $18 Qxf7 22. Nxg8 Rxg8 23. Be3 d5 24. Rg1 Bc7 25. e5 c5 26. Rg3 Bf5 27. Rc1 c4 28. Qd2 Bd3 (28... a5 $16 {was called for.} 29. Rcg1 b4) 29. Rcg1 Bd8 30. Bg5 Bb6 $2 {[#]} (30... Bxg5 31. Qxg5 b4) 31. Qe3 $2 (31. Bf6 $1 {[%mdl 512] White threatens Rxg7 and mate.} Bd8 (31... gxf6 32. Rxg8+) 32. Rxg7 Rxg7 33. Rxg7 Qxg7 34. Bxg7+ Kxg7 35. Qf4) 31... Re8 32. Bh4 g6 33. Rg4 Bf5 34. Rf4 Kg8 $2 (34... Qe6 35. Bf6+ Kg8) 35. Bf6 (35. Rg5 $142) 35... Qxf6 $2 (35... Qd7 36. Rg5 Bc2) 36. exf6 {[%cal Re3e8]} Rxe3 37. fxe3 {Threatens to win with Rxf5.} Kf7 38. e4 dxe4 39. fxe4 Bd7 40. Rd1 b4 41. Rc1 Bb5 42. e5 Bc6+ 43. Kg1 Bd5 44. h4 a5 45. a3 h6 46. axb4 axb4 47. Kh2 b3 48. Re1 Bc7 49. Re3 Be6 50. Kg3 g5 51. hxg5 hxg5 52. Rf1 Bb6 53. Re4 Ba5 {[#]} 54. d5 $1 {[%mdl 64] Promotion. White mates.} Bxd5 {[#]} 55. e6+ $1 {[%mdl 64] Promotion} Bxe6 {[#]} 56. Rxe6 $1 {[%mdl 64] Remove Defender, Promotion} Kxe6 57. f7 Bb4 58. f8=Q Bxf8 59. Rxf8 Kd5 60. Rf3 {Accuracy: White = 70%, Black = 45%.} 1-0

[Event "POL-chT 1st League 2020"]
[Site "Ustron"]
[Date "2020.09.11"]
[Round "7.13"]
[White "Maciejczak, Jakub"]
[Black "Kowalski, Igor"]
[Result "1/2-1/2"]
[WhiteElo "2371"]
[BlackElo "2397"]
[Annotator "TA"]
[PlyCount "69"]
[EventDate "2020.09.05"]
[EventType "team-tourn"]
[EventCountry "POL"]
[SourceTitle "playchess.com"]
[Source "ChessBase"]
[SourceQuality "1"]
[WhiteTeam "OTSz Ostrow Wielkopolski"]
[BlackTeam "KS LAURA Chylice"]

{[%evp 16,69,-21,-22,-22,-45,-29,-47,-41,-56,-6,-69,-75,-92,-82,-87,-82,-102,-87,-133,-65,-120,-72,-193,-102,-117,-122,-128,-131,-97,-128,-104,-62,-81,-60,-76,-7,0,-9,-90,-78,-70,-21,-37,0,0,0,0,0,0,16,0,0,3,0,0]} 1. Nf3 d5 2. g3 g6 3. Bg2 Bg7 4. O-O e5 5. c4 dxc4 6. Qa4+ Nc6 7. Qxc4 Nge7 8. d3 O-O 9. Nc3 Be6 {A07: Réti Opening: New York and Capablanca Systems.} 10. Qa4 h6 11. Bd2 f5 {Black is slightly better.} 12. Rac1 {[#]} g5 $146 ({Predecessor:} 12... Qd7 13. Rfd1 a6 14. Be3 Rfd8 15. Bc5 Rab8 16. e3 Bf7 17. Qc2 g5 18. d4 e4 {½-½ (28) Wang,Y (2699)-Wen,Y (2602) Huocheng County 2017}) 13. Qd1 (13. Be3 $11) 13... Qe8 $15 14. Na4 b6 15. b3 Rd8 16. Bc3 Bd5 17. Qc2 Qh5 ({Black should play} 17... f4 $17 18. h3 fxg3 19. fxg3 Nd4) 18. b4 (18. Bb2 $15) 18... a6 19. Qb2 (19. Bb2 $17 {was called for.}) 19... Ng6 (19... f4 $1 $19 20. Nxe5 Bxg2 21. Kxg2 Bxe5 22. Bxe5 f3+ 23. exf3 Qxf3+ 24. Kg1 Rxd3) 20. Ne1 {[#] Hoping for Bxd5+.} Bxg2 $1 21. Nxg2 f4 22. b5 {[#]} axb5 $1 23. Qxb5 Nce7 24. Ba1 Nd5 25. Nc3 Nge7 ({Black should try} 25... fxg3 $17 26. hxg3 Nxc3 27. Rxc3 Qxe2) 26. Nxd5 $1 $11 Nxd5 ({Much weaker is} 26... Rxd5 27. Qb3 $16) 27. Qc4 (27. e4 $11 {remains equal.} fxe3 28. fxe3) 27... Rf7 $17 28. f3 Qg6 (28... Qh3 {looks sharper.} 29. g4 h5 30. gxh5 Qxh5 31. Rf2 Bf6) 29. Qe4 Qxe4 (29... Qd6 {is more complex.} 30. a4 c6 31. Rc2 c5 32. Rc4 Ra8) 30. fxe4 {The position is equal.} Nb4 31. a3 Na6 32. Ne1 g4 33. h3 h5 ({But not} 33... fxg3 $6 34. Rxf7 Kxf7 35. hxg4 $16) 34. hxg4 hxg4 35. Rc6 {Accuracy: White = 72%, Black = 63%.} 1/2-1/2

[Event "POL-chT 1st League 2020"]
[Site "Ustron"]
[Date "2020.09.11"]
[Round "7.14"]
[White "Chylewski, Patryk"]
[Black "Janaszak, Dawid"]
[Result "1/2-1/2"]
[WhiteElo "2324"]
[BlackElo "2356"]
[Annotator "TA"]
[PlyCount "55"]
[EventDate "2020.09.05"]
[EventType "team-tourn"]
[EventCountry "POL"]
[SourceTitle "playchess.com"]
[Source "ChessBase"]
[SourceQuality "1"]
[WhiteTeam "KS LAURA Chylice"]
[BlackTeam "OTSz Ostrow Wielkopolski"]

{[%evp 13,55,22,26,25,20,0,0,0,0,17,10,0,0,-1,-3,-4,5,-21,-2,-16,2,16,29,28,31,18,14,0,0,0,0,0,13,0,3,3,8,0,0,0,0,0,0,0]} 1. d4 d5 2. c4 c6 3. cxd5 cxd5 4. Bf4 e6 5. Nc3 Bd6 6. Bxd6 Qxd6 7. e3 Nf6 {7...Nf6 was played by the boomers.} 8. f4 {D10: Slav Defence: 3 cxd5 (without early Nf3) and 3 Nc3.} O-O 9. Nf3 b6 {[#]} 10. Rc1 $146 ({Predecessor:} 10. Nb5 Qb4+ 11. Qd2 Qe7 12. Rc1 Ne4 13. Qd1 Qb4+ 14. Nd2 a6 15. Nc3 Qxb2 16. Ncxe4 dxe4 {1-0 (48) Socko,B (2594)-Pakleza,Z (2506) Poland 2016}) 10... Ba6 11. Bxa6 Nxa6 12. O-O Nc7 13. Qa4 Rfc8 14. Ne5 Nfe8 15. Rc2 f6 16. Nd3 Rd8 (16... Qe7 {is interesting.} 17. Qb3 Nd6 18. Rfc1 Qd7 19. Qa4 Qf7) 17. Rfc1 Qd7 18. Qxd7 Rxd7 19. Nb1 Nb5 {The position is equal.} 20. Nd2 Kf7 21. a4 Nbd6 22. g4 Rb8 23. Kg2 a5 24. Kf3 Rbb7 25. b3 Rdc7 26. h3 Rxc2 27. Rxc2 Rc7 28. Rxc7+ {An uneventful encounter. Accuracy: White = 94%, Black = 100%.} 1/2-1/2

[Event "POL-chT 1st League 2020"]
[Site "Ustron"]
[Date "2020.09.11"]
[Round "7.15"]
[White "Dudzinski, Piotr"]
[Black "Kokoszczynski, Jan"]
[Result "1-0"]
[WhiteElo "2323"]
[BlackElo "2231"]
[Annotator "TA"]
[PlyCount "75"]
[EventDate "2020.09.05"]
[EventType "team-tourn"]
[EventCountry "POL"]
[SourceTitle "playchess.com"]
[Source "ChessBase"]
[SourceQuality "1"]
[WhiteTeam "OTSz Ostrow Wielkopolski"]
[BlackTeam "KS LAURA Chylice"]

{[%evp 23,75,0,0,0,0,-14,-15,-17,7,0,12,-2,42,37,54,57,108,98,89,49,64,73,274,145,354,381,366,366,393,393,400,400,523,482,503,482,497,459,453,441,433,462,436,445,559,558,552,517,799,794,1097,1060,2589,2399]} 1. e4 c5 2. Nf3 d6 3. d4 cxd4 4. Nxd4 Nf6 5. Nc3 a6 6. Be2 e5 7. Nb3 Be7 8. O-O O-O 9. Be3 Be6 10. f4 exf4 11. Bxf4 Nc6 12. Kh1 Ne5 13. Nd4 {B92: Sicilian Najdorf: 6 Be2.} Qb6 14. Nd5 (14. a3 {with more complications.} Rfe8 15. Rb1 Rac8 16. Qd2 Bd7 17. Be3) 14... Bxd5 15. exd5 {[#] The position is equal.} Nfd7 $146 ({Predecessor:} 15... Rae8 16. Nb3 Ng6 17. c4 Nxf4 18. Rxf4 Nd7 19. Qc2 Bf6 20. Raf1 Qe3 21. Nc1 Ne5 {0-1 (53) Breidi,S-Kakhani,M Beirut 2004}) 16. Nf5 Bf6 17. Rb1 Rfe8 18. b3 Rac8 19. c4 g6 ({Better is} 19... Be7 $14) 20. Nh6+ $16 Kg7 21. Ng4 Nxg4 22. Bxg4 Rc7 $2 {[#]} (22... Rcd8 $16 {might work better.}) 23. Qf3 (23. Qd2 $1 $18 Kg8 24. b4) 23... Ne5 $2 {Loses the game.} (23... h5 $16) 24. Be3 $18 {[%mdl 64] Discovered Attack} Nxf3 25. Bxb6 Ne5 {intending ...Rce7.} 26. Bxc7 Nxg4 27. Bxd6 Re2 28. Bg3 {White is clearly winning.} h5 29. h3 h4 30. Be1 ({Less strong is} 30. hxg4 hxg3 31. Rbd1 Re4 $18) 30... Nh6 31. d6 Nf5 32. d7 Bd8 33. b4 Rc2 34. c5 Kf8 35. Bf2 Ng7 (35... Rd2 $142 36. Rbd1 Rxd1 37. Rxd1 Ke7) 36. Rbe1 Rd2 {[#]} 37. c6 $1 b6 (37... bxc6 38. Bc5+) 38. Be3 {Accuracy: White = 87%, Black = 39%.} 1-0

[Event "POL-chT 1st League 2020"]
[Site "Ustron"]
[Date "2020.09.11"]
[Round "7.17"]
[White "Kucza, Karol"]
[Black "Redzisz, Michal"]
[Result "1-0"]
[WhiteElo "2285"]
[BlackElo "2164"]
[Annotator "TA"]
[PlyCount "73"]
[EventDate "2020.09.05"]
[EventType "team-tourn"]
[EventCountry "POL"]
[SourceTitle "playchess.com"]
[Source "ChessBase"]
[SourceQuality "1"]
[WhiteTeam "OTSz Ostrow Wielkopolski"]
[BlackTeam "KS LAURA Chylice"]

{[%evp 13,72,-20,-22,-18,-14,-19,-16,-23,-21,-26,-10,-16,0,0,-21,-16,0,0,0,7,4,0,0,0,12,20,185,0,21,8,6,11,15,0,22,25,27,22,26,15,24,22,15,14,40,0,17,0,0,0,6,0,28,26,294,290,664,656,795,756,29999]} 1. e4 c6 2. c4 d5 3. cxd5 cxd5 4. exd5 Nf6 5. Qa4+ Nbd7 6. Nc3 g6 7. Bc4 {The modern move.} Bg7 8. d3 {B10: Caro-Kann: 2 d3 and 2 c4.} O-O 9. Nf3 a6 {Threatens to win with ...b5.} 10. Qa3 {The position is equal.} b6 {[%cal Bb7b6,Bb6b5][%mdl 32]} 11. O-O Bb7 12. Re1 b5 13. Bb3 Re8 14. h3 Nb6 {[%cal Rf6d5]} 15. d6 $1 {[#]} exd6 $146 ({Predecessor:} 15... Qxd6 16. Ng5 Nbd5 17. Qxd6 exd6 18. Bd2 h6 19. Nge4 Nxe4 20. Nxe4 Be5 21. Bxh6 Nf6 {½-½ (116) Drozdowski,K (2466)-Korpa,B (2403) Budapest 2014}) 16. Rxe8+ Nxe8 17. Ng5 d5 18. Be3 Nf6 19. Re1 h6 $2 {[#]} (19... Bf8 $11 20. Bc5 Nbd7) 20. Nf3 $2 (20. Nxf7 $1 $18 {[%mdl 512]} Kxf7 21. Bxb6) 20... Bf8 21. Bc5 Nbd7 22. Bxf8 Qxf8 23. Re7 Re8 24. Rxe8 Qxe8 25. Qd6 {[%cal Rc3d5]} Qe6 26. Qc7 Qb6 27. Qf4 Kg7 28. d4 b4 29. Na4 Qe6 30. Nc5 Nxc5 31. dxc5 Ne4 $1 32. Qc7 Bc6 33. Ne5 $36 {[%mdl 2048] White has some pressure.} Bb5 $2 {[%mdl 8192] [#]} (33... Nd2 $11 {and Black is okay.}) 34. Nxf7 $1 $18 {[%mdl 512] aiming for Ne5+.} Kf6 $2 (34... Qc6 35. Qxc6 Bxc6) (34... Qxf7 35. Qxf7+) 35. Qd8+ Kg7 36. Bxd5 Qf5 37. Qh8# {Accuracy: White = 96%, Black = 55%.} 1-0

[Event "POL-chT 1st League 2020"]
[Site "Ustron"]
[Date "2020.09.11"]
[Round "7.18"]
[White "Moscicka, Pola"]
[Black "Andrejczuk, Beata"]
[Result "1/2-1/2"]
[WhiteElo "1880"]
[BlackElo "2024"]
[Annotator "TA"]
[PlyCount "87"]
[EventDate "2020.09.05"]
[EventType "team-tourn"]
[EventCountry "POL"]
[SourceTitle "playchess.com"]
[Source "ChessBase"]
[SourceQuality "1"]
[WhiteTeam "KS LAURA Chylice"]
[BlackTeam "OTSz Ostrow Wielkopolski"]

{[%evp 11,87,29,98,108,137,137,188,114,124,99,96,66,120,110,106,109,134,111,102,82,126,25,32,16,33,0,0,-108,-112,-116,-117,-100,-114,-111,-110,-118,-84,-85,-65,-194,-68,-183,-159,-165,-159,-291,-294,-272,-185,-317,-227,-465,-71,-185,-59,-684,-190,-190,-190,-177,-141,-141,-141,-234,-141,-624,-193,-171,0,-579,-183,-188,-89,-161,-73,-380,0,0]} 1. d4 Nf6 2. c4 c5 3. d5 b5 4. cxb5 a6 5. f3 axb5 6. e4 d6 (6... Qa5+ $11 {keeps the balance.} 7. Bd2 b4) 7. Bxb5+ $16 {A57: Benko/Volga Gambit.} Nbd7 8. Nc3 g6 (8... Ba6 $16 {was called for.} 9. Bc6 Rb8) 9. Nge2 (9. f4 $1 $18) 9... Bg7 10. O-O O-O {[#]} 11. Kh1 $146 ({Predecessor:} 11. Be3 Ba6 12. Qd2 Qb6 13. Bxa6 Rxa6 14. b3 Rfa8 15. Kh1 Qc7 16. Bh6 Ne5 17. Bxg7 Kxg7 {Cook,P (1684)-Hughes,D (1719) ICCF email 2017}) 11... Qb6 (11... Ne8 $14) 12. Be3 Ba6 13. a4 Rfb8 14. Rc1 Ne5 15. b4 Nc4 16. Bxc4 ({White should play} 16. Bg1 $16) 16... Bxc4 $11 17. bxc5 dxc5 18. Qd2 Nd7 19. f4 (19. Bf4 $11 {remains equal.}) 19... Bxc3 $1 $17 20. Rxc3 Rxa4 21. Rfc1 Bxe2 $1 22. Qxe2 Rxe4 23. Qc2 Qb4 24. h3 f5 25. g4 ({White should try} 25. Bxc5 $15 Nxc5 26. Rxc5) 25... Qb7 (25... Nf6 $1 $19 {[%cal Rf6d5]} 26. Rd1 (26. Bxc5 $2 Qb7 $19) 26... fxg4 27. hxg4 Rxe3 28. Rxe3 Qxf4 {[%mdl 64] Double Attack}) 26. Qd3 ({White has to play} 26. Rd1 $1 $15) 26... Nf6 $19 27. Rxc5 fxg4 28. hxg4 (28. Bd4 $17 Rxf4 29. Bxf6 Rxf6 30. hxg4) 28... Qd7 29. Rg1 Reb4 {Strongly threatening ...Rb3.} 30. f5 (30. Qe2 {is a better defense.}) 30... Rb3 31. Qe2 $2 (31. Rc3 Rxc3 32. Qxc3) 31... Rb2 $2 (31... Qd6 $19 {and Black stays clearly on top.} 32. Rgc1 R8b4) 32. Qf3 {[#]} (32. Qa6 $17) 32... Qd6 (32... g5 $1 $19 {[%mdl 512] aiming for ...R8b4.} 33. Bd4 (33. Bxg5 Qd6) 33... R8b3) 33. Qh3 $2 {[%mdl 8192]} (33. Qf4 $15) 33... Nxd5 $2 (33... Qe5 34. Rg2 Qe4) 34. fxg6 hxg6 ({Don't take} 34... Qxg6 35. Qf3 $17) 35. Bd4 Nf6 $40 {[%mdl 128] Black attacks with force.} 36. Bxb2 Qxc5 37. Ba1 (37. Bxf6 $17 exf6 38. Rd1) 37... Qd5+ 38. Kh2 $2 {[%mdl 8192]} (38. Qg2 $17) 38... Qd2+ $2 (38... Rb3 39. Bc3 Qd6+ 40. Qg3 Rxc3 41. Qxd6 exd6) 39. Kh1 Qd5+ $2 (39... Rb4 40. Qg2 Qg5 41. Bxf6 exf6 42. Qa2+ Kg7 43. Qa7+ Kh6) 40. Kh2 $1 Qa2+ $2 (40... Rb3 41. Bc3 Qd6+ 42. Qg3 Rxc3 43. Qxd6 exd6) 41. Kh1 {[#]} Qa8+ (41... e5 $1 $19 {[%mdl 512] has better winning chances. Threatens to win with ...Rb7.} 42. Qg2 (42. Bxe5 Qd5+) 42... Qe6) 42. Kh2 (42. Qg2 $17) 42... Kg7 (42... Rb4 $19 {White must now prevent ...Qa2+.} 43. Bc3 Ra4) 43. Qe3 $2 {[%mdl 8192] [#]} (43. Re1 $17 {was the crucial defense.} e5 44. Qd3 Qa2+ 45. Qe2 Nxg4+ 46. Kg2 Qxe2+ 47. Rxe2) 43... Rh8+ $2 ({Better is} 43... Qa2+ $1 $19 44. Kg3 {[#]} Rb3 $1 {[%mdl 512]}) 44. Kg3 {Accuracy: White = 32%, Black = 33%.} 1/2-1/2

[Event "POL-chT 1st League 2020"]
[Site "Ustron"]
[Date "2020.09.11"]
[Round "7.19"]
[White "Ponizil, Cyril"]
[Black "Szpar, Milosz"]
[Result "1-0"]
[WhiteElo "2507"]
[BlackElo "2397"]
[Annotator "TA"]
[PlyCount "87"]
[EventDate "2020.09.05"]
[EventType "team-tourn"]
[EventCountry "POL"]
[SourceTitle "playchess.com"]
[Source "ChessBase"]
[SourceQuality "1"]
[WhiteTeam "SEMPAI UKS HETMAN Cz."]
[BlackTeam "LKSz GCKiP Czarna"]

{[%evp 17,87,-10,-6,-19,-18,-20,-22,-22,-21,-15,-21,-18,-25,-25,-23,-23,-25,-33,-35,-22,-6,-68,-34,-33,-26,-56,-16,-80,0,0,0,0,0,0,10,0,216,194,191,46,48,16,16,27,20,0,777,779,601,738,717,577,553,457,407,395,1096,953,12837,12838,29977,29978,29980,29981,29981,29982,29987,29988,29993,29994,29995,29996]} 1. e4 c5 2. Nf3 d6 3. Bb5+ Bd7 4. Bxd7+ Qxd7 5. O-O Nf6 6. Re1 Nc6 7. c3 e6 8. d3 Be7 9. Nbd2 O-O 10. a3 {[#] B52: Sicilian: Moscow Variation with 3...Bd7.} Rfd8 $146 ({Predecessor:} 10... Qc7 11. b4 d5 12. Bb2 dxe4 13. dxe4 Rfd8 14. Qe2 Ng4 15. Rad1 Bf6 16. Nb3 cxb4 17. cxb4 Bxb2 18. Qxb2 {½-½ (36) Nedev,T (2528)-Stanojoski,Z (2467) Skopje 2007}) 11. d4 cxd4 12. cxd4 {The position is equal.} b5 13. b3 Qb7 14. Nf1 {[%cal Bd2f1,Bf1g3,Bg3h5,Bh5f6][%mdl 32]} d5 15. e5 Ne4 16. Ng3 Na5 17. Bd2 Nxd2 18. Nxd2 b4 19. axb4 ({White should try} 19. a4 $1 $11) 19... Qxb4 20. Ra4 Qb5 21. Nh5 Rdc8 22. h4 (22. Qg4 $11 {remains equal.} g6 23. Nf6+ Kg7 24. Qh4) 22... Rc3 (22... Bb4 $17) 23. Qg4 $1 $11 {[%csl Gh5][%cal Rg4g7]} g6 24. Rea1 Nc6 25. Nf6+ Kg7 26. h5 Bxf6 $2 (26... Qd3 $1 $11 27. Nf3 Qf5 28. h6+ Kf8) 27. exf6+ $18 Kxf6 {[#]} 28. Nf3 (28. hxg6 hxg6 29. b4 Kg7 $17) ({White has to play} 28. Qf4+ $1 $18 Ke7 29. Qh4+ (29. hxg6 hxg6 30. Qg5+ Kd7 $16) 29... Kd6 30. Ra6) 28... Kg7 $14 29. Qf4 $40 {[%mdl 128] Black needs to defend precisely.} (29. Qh4 $5 {[%cal Rh5h6]} Qb8 30. Ra6 $15) 29... Qb8 ({Don't blunder} 29... Rxb3 $2 30. h6+ Kf8 31. Ng5 $18) 30. Ne5 ({Reject} 30. h6+ Kg8 $15) 30... Nxe5 31. dxe5 Qd8 $2 {[%mdl 8192]} (31... Kg8 $11) 32. Rxa7 $18 (32. h6+ Kg8 $16) 32... Rxa7 33. Rxa7 {[%mdl 4096] Endgame White wants to mate with h6+. KQR-KQR} Qf8 34. Rd7 {Qf6+ is the strong threat.} ({Not} 34. hxg6 hxg6 35. b4 Kg8 $11) 34... Kg8 35. Qg5 Rc8 {[#]} 36. h6 $1 Rb8 $2 (36... Qc5 37. Kh2 Qf8) 37. g3 Ra8 38. Kg2 Rb8 39. Qf6 {White mates.} Ra8 {[#]} 40. b4 $1 {[%cal Bb3b4,Bb4b5,Bb5b6,Bb6b7][%mdl 544]} Rb8 {[#]} (40... Qxb4 41. Qg7#) 41. b5 $1 {[%mdl 512]} Rc8 (41... Rxb5 42. Rd8) 42. b6 Rb8 43. b7 Re8 44. Rc7 {Accuracy: White = 78%, Black = 64%.} 1-0

[Event "POL-chT 1st League 2020"]
[Site "Ustron"]
[Date "2020.09.11"]
[Round "7.20"]
[White "Mis, Mieszko"]
[Black "Paszewski, Mateusz"]
[Result "1/2-1/2"]
[WhiteElo "2350"]
[BlackElo "2275"]
[Annotator "TA"]
[PlyCount "43"]
[EventDate "2020.09.05"]
[EventType "team-tourn"]
[EventCountry "POL"]
[SourceTitle "playchess.com"]
[Source "ChessBase"]
[SourceQuality "1"]
[WhiteTeam "LKSz GCKiP Czarna"]
[BlackTeam "SEMPAI UKS HETMAN Cz."]

{[%evp 19,43,-21,0,0,0,0,0,0,11,0,0,0,-2,0,0,0,-6,-42,-44,-59,-22,-12,-10,-25,-14,-21]} 1. d4 d5 2. c4 c6 3. Nc3 Nf6 4. Nf3 e6 5. cxd5 exd5 6. Qc2 g6 7. Bg5 Be7 8. e4 dxe4 9. Bxf6 Bxf6 10. Qxe4+ Kf8 11. Bc4 {D36: Queen's Gambit Declined: Exchange Variation: Main line (5 Bg5 c6 6 Qc2).} Kg7 {[#] And now ...Re8 would win.} 12. O-O Re8 13. Qf4 Be6 14. Bxe6 Rxe6 15. Rfe1 {aiming for Rxe6.} Qd6 16. Qxd6 Rxd6 17. Ne4 Rd8 {[#]} 18. Nc5 $146 ({Predecessor:} 18. Nxf6 Kxf6 19. Re4 Na6 20. Rae1 Rd7 21. Ne5 Rc7 22. a3 Kg7 23. Kf1 Re8 24. Nf3 Rxe4 25. Rxe4 {½-½ (48) Barsov,A (2510)-Halkias,S (2561) Al Ain 2012}) 18... b6 19. Nb3 c5 20. dxc5 Bxb2 21. Rab1 Bf6 22. Rec1 {Accuracy: White = 87%, Black = 86%.} 1/2-1/2

[Event "POL-chT 1st League 2020"]
[Site "Ustron"]
[Date "2020.09.11"]
[Round "7.21"]
[White "Ciesla, Adam"]
[Black "Kozak, Antoni"]
[Result "0-1"]
[WhiteElo "2294"]
[BlackElo "2347"]
[Annotator "TA"]
[PlyCount "114"]
[EventDate "2020.09.05"]
[EventType "team-tourn"]
[EventCountry "POL"]
[SourceTitle "playchess.com"]
[Source "ChessBase"]
[SourceQuality "1"]
[WhiteTeam "SEMPAI UKS HETMAN Cz."]
[BlackTeam "LKSz GCKiP Czarna"]

{[%evp 14,114,36,25,39,18,20,12,27,19,20,18,33,21,49,25,52,42,34,39,43,43,83,83,81,30,83,81,63,-83,-96,-81,-89,-123,0,-100,-40,-58,0,0,0,0,29,-87,0,-251,-250,-250,-250,-244,-186,-260,-260,-242,-252,-360,-346,-315,-337,-294,-204,-443,-304,-315,-312,-252,-229,-300,-287,-310,-329,-326,-325,-311,-171,-322,-322,-418,-418,-498,-488,-513,-495,-722,-668,-1081,-1079,-1648,-1637,-1172,-868,-794,-778,-999,-995,-888,-836,-29966,-29966,-29968,-29967,-6911,-6414]} 1. e4 c6 2. d4 d5 3. Nd2 dxe4 4. Nxe4 Nf6 5. Nxf6+ exf6 6. c3 Bd6 7. Bd3 O-O 8. Qc2 Re8+ {B15: Caro-Kann: 3 Nc3: 3...g6 and 3...dxe4 4 Nxe4 Nf6 5 Nxf6+ exf6.} 9. Ne2 f5 {[#]} 10. Bd2 $146 ({Predecessor:} 10. Bxf5 Bxf5 11. Qxf5 Nd7 12. Be3 Nb6 13. O-O Nc4 14. b3 g6 15. Qf3 Nxe3 16. fxe3 {0-1 (32) Saric,I (2669)-Esipenko,A (2564) Riadh 2017}) 10... Na6 {The position is equal.} 11. O-O-O Be6 12. Kb1 Qa5 13. c4 Qd8 14. a3 Nc7 15. g4 g6 16. h4 {h5 is the strong threat.} fxg4 17. h5 {[%cal Rh5g6]} Qf6 18. c5 {[%mdl 1024] White has strong compensation.} Bf8 19. Bf4 $1 {[%cal Rf4e5] Black must now prevent Be5.} Qe7 (19... Nd5 $11 20. Be5 Qg5) 20. Bd6 Qd7 21. Ng3 (21. hxg6 $14 {keeps the upper hand.} hxg6 22. Bxf8 Kxf8 23. Qd2) 21... Bd5 $1 $17 22. hxg6 fxg6 (22... hxg6 $2 23. f3 $1 $18 {[%mdl 512]}) 23. Be5 {aiming for Bxg6!} (23. Bxg6 $2 hxg6 24. Qxg6+ Qg7 $19) 23... Bg7 (23... Bxh1 $17 24. Rxh1 Rxe5 $1 {[%mdl 512]} 25. dxe5 Re8) 24. Ne4 (24. Bxg6 $1 $11 hxg6 25. Qxg6 Bxh1 26. Rxh1 Rxe5 27. dxe5) 24... Bxe4 (24... Qe7 $17 25. Nd6 Bxh1 26. Rxh1 Bxe5 27. Nxe8 Rxe8 28. dxe5 Qf7) 25. Bxe4 $15 Bxe5 ({Black should play} 25... Rad8 $1 $15) 26. dxe5 $11 Nd5 27. Rh6 $1 (27. Bxg6 $2 hxg6 28. Rh6 (28. Rxd5 $2 cxd5 29. Rh6 Re6 $19) 28... Kf8 $19) 27... Rxe5 {[#]} 28. Rdh1 {[#]} (28. Bxg6 $1 $11 {[%mdl 512]} hxg6 29. Rdh1) 28... Nf4 (28... Rxe4 $1 $17 29. Qxe4 Nf6 30. Qc4+ Qd5) 29. Qc4+ $2 {[%mdl 8192] Black keeps a firm grip on the game.} (29. Qb3+ $11 {and White stays safe.} Qf7 30. Bc2) 29... Qe6 $19 30. Qxe6+ Rxe6 ({Worse is} 30... Nxe6 {[#]} 31. Bxg6 $1 {[%mdl 512]} Nxc5 32. b4 $11) 31. Rxh7 {Threatens to win with Rh8+.} Rae8 $36 {[%mdl 2048] Keeping White busy.} 32. Rh8+ (32. f3 {is a better defense.}) 32... Kg7 33. R8h7+ Kf6 34. Bc2 (34. f3 $142) 34... Re1+ 35. Rxe1 Rxe1+ {[%mdl 4096] Endgame KRB-KRN} 36. Ka2 Re7 37. Rh8 $2 (37. Rxe7 Kxe7 38. Bd1) 37... Re2 38. Bd1 Rxf2 39. Bxg4 Kg5 40. Bc8 Nd3 $1 {[%csl LRb2,LRc5]} 41. Ka1 Rxb2 ({Weaker is} 41... Nxc5 42. Rh7 $17) 42. Rh7 Rb3 43. Bxb7 Rxa3+ 44. Kb1 Ne5 ({Don't take} 44... Nxc5 45. Bxc6 Kf6 46. Kb2 $19) 45. Rc7 Ra5 46. Ba8 Rb5+ 47. Ka2 a5 48. Ka3 (48. Rc8 $142) 48... Rxc5 49. Ka4 Kf4 50. Rc8 g5 51. Rf8+ Ke4 52. Bb7 g4 53. Ba6 g3 54. Bf1 Ke3 55. Rf5 Nd3 56. Rf6 Nf4 57. Rf7 Rc1 {Accuracy: White = 53%, Black = 73%.} 0-1